000 01042nam a2200205 a 4500
001 000038621
003 DO-SdBNP
005 20240412134404.0
008 100322s2006 cu 001 0 spa d
040 _aDO-SdBNP
_bspa
_cBNPHU
082 _axxxx
_bxxx
245 0 0 _aHistoria de las bibliotecas
260 _aLa Habana, Cuba :
_bFéliz Varela,
_c2006.
300 _a2 v. ;
_c22 cm.
500 _aEl volumen 2 incluye índice analítico
504 _aBibliografía p: 295
_bv. 1
504 _aBibliografía p: 507
_bv. 2
505 2 _gÍndice:
_tEl próximo Oriente --
_tGrecia --
_tLa biblioteca de Alejandría --
_tRoma --
_tBizancio --
_tEl Islam --
_tLa alta edad media --
_tLa baja edad media --
_tRenacimiento --
_tSiglo XVI (I) --
_tSiglo XVI (II) España --
_tSiglo XVII (I) --
_tSiglo XVII (II) España --
_tSiglo XVIII (I) --
_tSiglo XVIII (II) España --
_tSiglo XIX (I) --
_tSiglo XIX (II) España --
_tSiglo XX (I) --
_tSiglo XX (II) España hasta la guerra civil --
_tSiglo XX (III) España los últimos cincuenta años --
942 _2ddc
_cLBS1
999 _c38111
_d38111